Header

Unto this Last, the Political economy of Art and essays on Political economy (Record no. 1914)

MARC details
000 -LEADER
fixed length control field 00391nam a2200121 4500
082 ## - DEWEY DECIMAL CLASSIFICATION NUMBER
Classification number 824.7
Item number RUS/BRY
100 ## - MAIN ENTRY--PERSONAL NAME
Personal name Ruskin, John
245 ## - TITLE STATEMENT
Title Unto this Last, the Political economy of Art and essays on Political economy
Statement of responsibility, etc. by John Ruskin ; introduction by John Bryson
260 ## - PUBLICATION, DISTRIBUTION, ETC.
Place of publication, distribution, etc. London
Name of publisher, distributor, etc. Dent
Date of publication, distribution, etc. 1907
300 ## - PHYSICAL DESCRIPTION
Extent xx,311p.; 20cm.-
490 ## - SERIES STATEMENT
Series statement Everyman's library ; 216
710 ## - ADDED ENTRY--CORPORATE NAME
Corporate name or jurisdiction name as entry element Bryson, John
Holdings
Withdrawn status Lost status Damaged status Not for loan Collection code Home library Current library Date acquired Total Checkouts Full call number Barcode Date last seen Price effective from Koha item type
        ENGLISH North Eastern Hill University North Eastern Hill University 18/11/2011   824.7 RUS/BRY A538 18/11/2011 18/11/2011 Books
          North Eastern Hill University North Eastern Hill University 18/11/2011   824.7 RUS/BRY 49420 18/11/2011 18/11/2011 Books